| 000 | | | 04426nac2a22003013x 450 |
| 001 | | | 1f1b069e-688a-4197-a37d-98a09367c021 |
| 005 | | | 20230623192341.0 |
| 100 | ## | $a | 20230605l19291929k y0rusy50 ca |
| 101 | 0# | $a | rus |
| | $a | uzb |
| 102 | ## | $a | RU |
| 105 | ## | $a | y z ||||| |
| 122 | 2# | $a | d19290313 |
| | $a | d19290329 |
| 200 | 1# | $a | Об освобождении Ибрагимова И. от обязанностей секретаря ЦИК Советов УзССР |
| | $j | 13.03.1929 - 29.03.1929 |
| 215 | ## | $a | 3 листа |
| | $d | 35,6 х 24,1 |
| 251 | ## | $c | Дело |
| 300 | ## | $a | Заголовок дела на папке: Об освобождении тов. Ибрагимова И. от обязанностей секретаря ЦИК Советов УзССР |
| 300 | ## | $a | В деле обратная нумерация |
| 300 | ## | $a | Часть текста на узбекском языке |
| 300 | ## | $a | Часть текста машинописная и рукописная, часть - напечатана типографским способом |
| 461 | #0 | $1 | 001796d4672-8a00-4986-b488-6e42273792cc |
| | $1 | 2001 |
| | $a | ЦЕНТРАЛЬНЫЙ ИСПОЛНИТЕЛЬНЫЙ КОМИТЕТ СССР (ЦИК СССР). |
| | $1 | 251 |
| | $c | Фонд |
| | $1 | 852 |
| | $g | Р |
| | $j | 3316 |
| 462 | #0 | $1 | 0016e6e8ba4-e15f-4ad4-8937-f1e88c150bfe |
| | $1 | 2001 |
| | $a | Дела Секретариата Президиума ЦИК Союза ССР. 1929 г. |
| | $v | Д. 366 |
| | $1 | 251 |
| | $c | Опись |
| | $1 | 852 |
| | $j | 22 |
| 517 | 1# | $a | Об освобождении тов. Ибрагимова И. от обязанностей секретаря ЦИК Советов УзССР |
| 600 | #1 | $a | Ибрагимов |
| | $b | И. |
| 601 | 01 | $3 | RU\NLR\AUTH\880357276 |
| | $a | СССР |
| | $b | ЦИК |
| 601 | 01 | $3 | RU\NLR\AUTH\880401386 |
| | $a | УзССР |
| | $b | ЦИК |
| 801 | #0 | $a | RU |
| | $b | GA_RF |
| 801 | #1 | $a | RU |
| | $b | ГлавНИВЦ |
| | $c | 20230605 |
| | $2 | rusmarc |
| 801 | #2 | $a | RU |
| | $b | ПБ им. Б.Н. Ельцина |
| | $c | 20230623 |
| | $g | RCR |
| | $2 | rusmarc |
| 852 | ## | $a | ГА РФ |
| | $j | 366 |
| 937 | ## | $d | 185682159 |
| | $h | ГАРФ |
| 035 | ## | $a | RuPRLIB51071617 |
| 856 | ## | $u | http://readingroom.main.prlib.ru/item.aspx?id_node=n185682159&mode=full |